Statistiques concernant Pokemon - Les attaques de Dolman

Cliquez ici pour prendre le quiz!

Statistiques générales

  • Ce quiz a été pris 12 fois
  • Le résultat moyen est 6 sur 13

Statistiques - réponses

NiveauType de quizNom du coup% Correct
60RocheLame de Roc
90%
DépartRocheJet-Pierres
80%
30RochePiège de Roc
70%
36RocheÉboulement
60%
12RocheTomberoche
60%
42NormalPlaquage
50%
6RochePoliroche
50%
54AcierTacle Lourd
40%
24NormalÉcrasement
30%
48RocheGarde Large
10%
18PsyGravité
10%
66NormalUltimawashi
10%
DépartNormalBarrage
0%

Distribution des résultats

Percentile par nombre de réponses

% des personnes avec chaque résultat

Votre développement - résultats

Vous n’avez pas pris ce quiz